<?xml version="1.0" encoding="UTF-8"?>
<marc:record xmlns:marc="http://www.loc.gov/MARC21/slim">
   <marc:leader>00000nam a2200000 a 4500</marc:leader>
   <marc:datafield ind1="1" ind2=" " tag="100">
      <marc:subfield code="a">Rydahl, Thomas</marc:subfield>
      <marc:subfield code="4">aut</marc:subfield>
      <marc:subfield code="e">Verfasser/-in</marc:subfield>
   </marc:datafield>
   <marc:datafield ind1="0" ind2="0" tag="245">
      <marc:subfield code="a">Der Einsiedler</marc:subfield>
   </marc:datafield>
   <marc:datafield ind1="0" ind2="0" tag="245">
      <marc:subfield code="b">Kriminalroman</marc:subfield>
   </marc:datafield>
   <marc:datafield ind1="0" ind2="0" tag="245">
      <marc:subfield code="c">Thomas Rydahl</marc:subfield>
   </marc:datafield>
   <marc:datafield ind1=" " ind2="1" tag="264">
      <marc:subfield code="a">München</marc:subfield>
      <marc:subfield code="b">Heyne</marc:subfield>
      <marc:subfield code="c">2017</marc:subfield>
   </marc:datafield>
   <marc:datafield ind1="1" ind2=" " tag="520">
      <marc:subfield code="a">Am Strand von Fuerteventura wird die Leiche eines kleinen Jungen gefunden. Niemand scheint das Kind zu vermissen, und so versucht die Polizei, den Fall unter den Teppich zu kehren, um die anstehende Feriensaison nicht zu gefährden. Als der Taxifahrer Erhard Jorgenson, knapp 70 Jahre alt und ein Einzelgänger par excellence, davon Wind bekommt, macht er sich mit unerschütterlicher Hartnäckigkeit auf die Suche nach der Wahrheit. Aber kann ein alter Mann, der aus der Zeit gefallen scheint, ein Mordkomplott aufklären, das weit über die Küste Fuerteventuras hinausreicht?</marc:subfield>
   </marc:datafield>
   <marc:datafield ind1=" " ind2=" " tag="020">
      <marc:subfield code="a">9783453270831</marc:subfield>
      <marc:subfield code="9">9783453270831</marc:subfield>
   </marc:datafield>
   <marc:datafield ind1=" " ind2=" " tag="020">
      <marc:subfield code="a">3453270835</marc:subfield>
      <marc:subfield code="9">3453270835</marc:subfield>
   </marc:datafield>
   <marc:datafield ind1=" " ind2=" " tag="300">
      <marc:subfield code="a">607 S.</marc:subfield>
   </marc:datafield>
</marc:record>
